Statistics for Countries Closest to Metropolitan France

Click here to take the quiz!

General Stats

  • This quiz has been taken 25,890 times
  • The average score is 18 of 20

Answer Stats

kmcountrymiles% Correct
0Spain0
99%
0Italy0
99%
0Germany0
99%
0Belgium0
98%
33United Kingdom21
98%
61Netherlands38
97%
0Switzerland0
97%
0Luxembourg0
96%
0Andorra0
95%
148Austria92
95%
0Monaco0
95%
412Portugal256
92%
432Ireland268
91%
150Liechtenstein93
90%
240Vatican City149
86%
259San Marino161
86%
313Czech Republic195
82%
430Slovenia267
81%
403Croatia251
73%
450Tunisia280
51%

Score Distribution

Percentile by Number Answered

Percent of People with Each Score

Your Score History

You have not taken this quiz